00720nac a22001931u 4500010001400000082002000014090001500034100003400049245009500083260007800178300001900256500001500275500004100290650001600331650002900347942002300376999001500399952011200414 a005380688 a616.0793bD4341 c3418d3418 aDenson, Kenneth Williast.  aThe use of antibodies in the study of blood coagulation /b Kenneth William Ernest Denson. aOxford ; Edinburgh :bBlackwell Scientific Publications, C.1967.cC.1967. a253p. ;b 8vo. aDonations. aDonations - Bibliotheca Alexandrina. aAntibodies. aPharmaceutical industry. cBBk616.0793 D4341 c3418d3418 00102ddc4070aMAINbMAINc1STd2010-04-07ePurchasel0o616.0793 DENp000039478r2025-07-15 00:00:00yBB